Philadelphia Eagles Head Coaches - Statistics

General Stats
  • This quiz has been taken 149 times
  • The average score is 6 of 24
Answer Stats
Era Hint Answer % Correct
Philadelphia Eagles 1999-2012 Andy Reid
93%
Philadelphia Eagles 2016-2020 Doug Pederson
92%
Philadelphia Eagles 2013-2015 Chip Kelly
80%
Philadelphia Eagles 2021-present Nick Siriani
57%
Philadelphia Eagles 1976-1982 Dick Vermeil
55%
Philadelphia Eagles 1986-1990 Buddy Ryan
49%
Philadelphia Eagles 1995-1998 Ray Rhodes
26%
Philadelphia Eagles 1991-1994 Rich Kotite
22%
Philadelphia Eagles 1936-1940 Bert Bell
14%
Philadelphia Eagles 1983-1985 Marion Campbell
14%
Philadelphia Eagles 1941-1950 Greasy Neale
13%
Philadelphia Eagles 2015* Pat Shurmur
13%
Philadelphia Eagles 1969-1971 Jerry Williams
10%
Philadelphia Eagles 1958-1960 Buck Shaw
9%
Philadelphia Eagles 1973-1975 Mike McCormack
9%
Philadelphia Eagles 1964-1968 Joe Kuharich
8%
Philadelphia Eagles 1951 Bo McMillin
6%
Philadelphia Eagles 1971-1972 Ed Khayat
6%
Philadelphia Eagles 1951* Wayne Millner
6%
Philadelphia Eagles 1985* Fred Bruney
5%
Philadelphia Eagles 1956-1957 Hugh Devore
5%
Philadelphia Eagles 1952-1955 Jim Trimble
5%
Philadelphia Eagles 1933-1935 Lud Ray
5%
Philadelphia Eagles 1961-1963 Nick Skorich
5%
No matching quizzes found
Score Distribution
Percent of People with Each Score
Percentile by Number Answered
Your Score History
You have not taken this quiz